Danh nhân thế giới : Văn học - nghệ thuật và Khoa học - kỹ thuật /
Các danh nhân nổi tiếng thế giới...
সংরক্ষণ করুন:
| অন্যান্য লেখক: | |
|---|---|
| বিন্যাস: | গ্রন্থ |
| ভাষা: | Vietnamese |
| প্রকাশিত: |
Hà Nội :
Văn hoá thông tin,
1998.
|
| বিষয়গুলি: | |
| ট্যাগগুলো: |
ট্যাগ যুক্ত করুন
কোনো ট্যাগ নেই, প্রথমজন হিসাবে ট্যাগ করুন!
|
| Thư viện lưu trữ: | Mạng thư viện Đại học Đà Nẵng |
|---|
| LEADER | 00949cam a2200337 i 4500 | ||
|---|---|---|---|
| 001 | 000042592 | ||
| 003 | 466 | ||
| 005 | 20051111095722.0 | ||
| 008 | 010217b1998 vm 000 vie | ||
| 020 | |c 92000 | ||
| 022 | |a T | ||
| 040 | |a IRC |c IRC |d IRC | ||
| 041 | 0 | |a vie | |
| 082 | 1 | 4 | |a 927 |b Da-N |
| 245 | 0 | 0 | |a Danh nhân thế giới : |b Văn học - nghệ thuật và Khoa học - kỹ thuật / |c Trần Mạnh Thường biên soạn. |
| 260 | |a Hà Nội : |b Văn hoá thông tin, |c 1998. | ||
| 300 | |a 903tr. ; |c 20,5cm. | ||
| 520 | 3 | |a Các danh nhân nổi tiếng thế giới... | |
| 630 | 0 | 4 | |a Danh nhân. |
| 650 | 0 | 4 | |a Danh nhân |v Sổ tay. |
| 700 | 1 | |a Trần Mạnh Thường, |e biên soạn. | |
| OWN | |a DUT | ||
| 999 | |a From the UDN01 | ||
| TYP | |a Monograph | ||
| TYP | |a Printed language | ||
| 980 | |a Mạng thư viện Đại học Đà Nẵng | ||